2-Word Country Match-Up Quiz Stats

 Plays Quiz Updated Jul 14, 2016

Challenge
Share
Tweet
Score 0/20 Timer 01:30
1 Play Today
% Correct
Dominican
91.8%
Cote
90.4%
Costa
88.6%
Saudi
85.4%
El
85%
Sri
83.8%
Vatican
80.5%
New
79.6%
Burkina
79.2%
United
78.9%
% Correct
Sierra
78.2%
Equatorial
77%
Marshall
75.6%
Solomon
70.3%
South
68.1%
Cabo
64.9%
Saint
62.7%
San
61%
South
59.4%
South
53.1%

You're not logged in!

Compare scores with friends on all Sporcle quizzes.
OR
Log In

You Might Also Like...

Show Comments

Extras

Top Quizzes Today


Score Distribution

Your Account Isn't Verified!

In order to create a playlist on Sporcle, you need to verify the email address you used during registration. Go to your Sporcle Settings to finish the process.

Report this User

Report this user for behavior that violates our Community Guidelines.

Details: